What Movie? Back to the Camera XVII Quiz Stats

 Plays Quiz Updated Oct 10, 2017

Score 0/25 Timer 08:00
11 Plays Today
% Correct
Ted
97.4%
Night at the Museum
95%
The Hangover
83.2%
Fargo
75.1%
Big
73.7%
Waterworld
64.4%
The Great Gatsby
54.7%
Bonnie and Clyde
51.6%
Bram Stoker's Dracula
48.2%
Planet of the Apes
45.9%
Good Morning, Vietnam
45.8%
World War Z
44.2%
The Sixth Sense
41.8%
% Correct
21 Jump Street
41%
Hidden Figures
40%
The English Patient
38.3%
Warcraft
37.9%
Some Like It Hot
36.5%
Real Steel
35.7%
Life Is Beautiful
35.6%
Carrie
34.4%
Olympus Has Fallen
32.5%
The Royal Tenenbaums
30.1%
Hanna
17.7%
Miss Congeniality
17.5%

You're not logged in!

Compare scores with friends on all Sporcle quizzes.
Join for Free
OR
Log In

You Might Also Like...

Show Comments

Extras

Top Quizzes Today


Score Distribution

Your Account Isn't Verified!

In order to create a playlist on Sporcle, you need to verify the email address you used during registration. Go to your Sporcle Settings to finish the process.

Report this User

Report this user for behavior that violates our Community Guidelines.

Details: